000
00234nam a2200097Ia 4500
001
1213098
005
20250827024507.0
008
250824s9999 xx 000 0 und d
245
0
_a
KOYDA
_c
KATHERINE MANSFIELD
260
_b
CAN YAYINLARI
999
_c
1213098
_d
1213098